| 000 | 00842nam a22002057a 4500 | ||
|---|---|---|---|
| 999 |
_c10795 _d10795 |
||
| 003 | AR-CdUCM | ||
| 008 | 190402b ||||| |||| 00| 0 spa d | ||
| 040 |
_aMUNICIPALIDAD PROVINCIAL DEL CUSCO _cBIBLIOTECA MUNICIPAL DEL CUSCO |
||
| 082 |
_a869.56 / _bG16 E / 1935 |
||
| 100 |
_aGálvez Barrenechea, José, _927825 |
||
| 245 |
_aEstampas limeñas : _bSegunda serie de "Una Lima que se va" / |
||
| 260 |
_aLima : _bCompañia Enrique Bustamante y Ballivian, _c1935. |
||
| 300 |
_a183 paginas : _bIlustraciones, _c22 cm. |
||
| 505 | _aContenido : El alma paradójica de Lima -- La primera rosa -- Una estampa del siglo XVI -- La navidad limeña -- El batallón -- La tapada... | ||
| 650 |
_aPoesía Limeña _917928 |
||
| 650 |
_aEnsayos Latinoamericanos _927589 |
||
| 650 |
_aEstampas Limeñas _927826 |
||
| 942 |
_2ddc _cLIBROS |
||
| 945 | _awnts | ||